Представление документа в формате RUSMARC

ПолеНазваниеЗначение
  Тип записи a
  Библиографический уровень m
001 Контрольный номер RU/CBS_UL/BASE/721906819
005 Дата корректировки 20240209175059.0
010 Индекс ISBN __
a ISBN
b Уточнения в пер.
d Цена 75 к.
9 Тираж экз.
100 Данные общей обработки __
a Данные общей обработки 20221116d2022 ||| 0rusy0189 ca
101 Язык документа 0_
a Язык текста rus
102 Страна публикации __
a Страна публикации RU
105 Кодированные данные (монография) __
a Кодированные данные (монография) y###||||000|y
181 Поле кодированных данных: вид содержания _1
a Код вида содержания (ISBD) i#
b Код характеристики содержания (ISBD) #xxe##
d i
g x
h x
i e
182 Поле кодированных данных: тип средства _1
a Код типа средства (ISBD) n
2 Код системы (источник кода, отличный от ISBD) isbdmedia
200 Заглавие и сведения об ответственности 1_
a Заглавие Техническое моделирование и конструирование
b Общее обозначение материала Текст
e Сведения, относящиеся к заглавию учебное пособие для педагогических институтов
g Последующие сведения об ответственности под ред. В. В. Колотилова
w Текст (визуальный) : непосредственный
203 Вид содержания и тип средства __
a Вид содержания Текст
b Характеристика содержания визуальный
c Тип средства непосредственный
210 Выходные данные 1_
a Место издания Москва
c Издательство Просвещение
d Дата издания 1983
215 Физическое описание __
a Объем 255 с.
c Иллюстрации/тип воспроизводства ил.
d Формат см.
300 Общие примечания __
a Общие примечания Под инв. номером 6809: Цс-2, 5н-1, 9н-1, 19-1
333 Примечание о целевом назначении __
a Примечание о целевом назначении 16+
606 Тематические рубрики 0_
a Основная рубрика Общетехнические дисциплины
610 Ключевые слова 0_
a Ключевые слова техника
a Ключевые слова моделирование техническое
a Ключевые слова конструирование техническое
a Ключевые слова пособия учебные
686 Индексы других классификаций __
a Классификационный индекс 30.1
2 Код системы rubbk
801 Источник записи _0
a Страна RU
b Организация МБУК ЦБС
c Дата составления 20221116
g Правила каталогизации RCR
801 Источник записи _1
a Страна RU
b Организация МБУК ЦБС г. Ульяновска
c Дата составления 20221116
g Правила каталогизации RCR
899 Данные о местонахождении __
i Авторский знак Т 38
j Расстановочный фильтр 30.1
901 Тип документа __
t Тип документа m
910 Корректоры записи __
a Корректор записи Тихонова